000 00730nam a22002417a 4500
003 UA-OsUOA
001 47477
007 ta
008 20120619b un ||||| |||| 00| 0 ukr d
100 _aЛевчанівська І.
090 _a82-92
_bЛ38
942 _cBK
040 _aUA-OsUOA
_bukr
_cUA-OsUOA
_dUA-OsUOA
245 _aДалеке і близьке
_bнариси, статті
300 _a213 с.
955 _a4
041 _aukr
080 _a82-92
260 _aЛуцьк
_bНадстир'я
_c2000
650 7 _a82 Література. Літературознавство
_2UDC
999 _c427578
_d427578